000 00660cam a22001937i 4500
005 20260111084053.0
008 250721s2024 ua gr 000 0 ara d
020 _a9789777954518
082 1 4 _a791.44
_bر ف ي
100 1 _aرفيع، محمد
_eمؤلف.
245 1 2 _aالسيناريو :
_bدليل احتراف الدراما /
_cمحمد رفيع.
250 _aالطبعة الأولى.
264 3 1 _aالقاهرة :
_bالدار المصرية اللبنانية،
_c2024.
300 _a320 صفحة.
650 1 7 _aالافلام السينمائية.
650 1 7 _aالسيناريو.
942 _2ddc
_cBK
999 _c146885
_d146885